| 000 | 01063nam a22002657a 4500 | ||
|---|---|---|---|
| 005 | 20170123162342.0 | ||
| 010 | _aA-842184 | ||
| 020 | _c75.00 | ||
| 035 | _aA-842184 | ||
| 037 | _bCen Lib/Ret | ||
| 040 |
_aDPL _bUR |
||
| 082 |
_a840.4 _bل س ا |
||
| 245 |
_aماہنامہ لسان الصدق / _cابولکلام ماہی ادیں احمد آزاد دہلوی ؛ مرتب عبدل قوی دسنوی |
||
| 246 |
_aMahanama Lasan Alsadaq / _bedited by Abul Kalam Mahi Aldeen Ahmad Dehalvi ; edited by Abdul Qavi Dasnavi |
||
| 260 |
_aدہلی _bمقتبہ جمایا لمیٹڈ _c1988 |
||
| 270 |
_bدہلی _aپٹوڈی ہوسے دریاگنج _e110002 |
||
| 300 |
_a296p. _c21cm(Hb) |
||
| 650 |
_aادب -- اردو _9127835 |
||
| 650 |
_aاردوافسانے _9127836 |
||
| 650 |
_aUrdu literature _9127837 |
||
| 650 |
_aUrdu stories _9127838 |
||
| 700 |
_aابل کلام محی الدین احمد آزاد دہلوی _9127839 |
||
| 700 |
_aعبدل قوی دسنوی _9421 |
||
| 942 |
_2ddc _cUR _h840.4 _mل س ا |
||
| 999 |
_c108612 _d108612 |
||